000 00636nam a22002417a 4500
003 UA-OsUOA
001 23626
007 ta
008 20040128b un ||||| |||| 00| 0 ukr d
090 _a32
_bП49
942 _cBK
040 _aUA-OsUOA
_brus
_cUA-OsUOA
_dUA-OsUOA
245 _aПолитология
_bУчебное пособие для высших учебных заведений
_cРед. Г.В.Полунина
300 _a286 с.
955 _a0
041 _arus
080 _a32
020 _a5-86275-051-7
260 _aМосква
_bАкалис
_c1996
044 _aRU
650 7 _2UDC
999 _c309878
_d309878